| 000 | 01042 a2200277 4500 | ||
|---|---|---|---|
| 005 | 2008092508118.0 | ||
| 008 | 080925t xxu||||| |||| 00| 0 eng d | ||
| 010 | _aENG-91782 | ||
| 020 |
_a9780070668775 _c399.00 |
||
| 020 |
_a0070668779 _c399.00 |
||
| 035 | _aEN-75315 | ||
| 037 | _bDBAD / PUB | ||
| 040 |
_adpl _bEnglish |
||
| 082 | _a005.741 | ||
| 100 | _aVenugopal, K.R. | ||
| 245 |
_aFile structures: _cby K.R. Venugopal, K.G. Srinivasa [and] P.M. Krishnaraj _busing C++ / |
||
| 260 |
_aNew Delhi _bTata McGraw-Hill Publishing _c2009 |
||
| 300 |
_aix, 393p. _c27cm (pbk) |
||
| 500 | _aIncludes bibliographical references | ||
| 650 | _aC++ (Computer program language) | ||
| 650 | _aFile organization (Computer science) | ||
| 700 | _aSrinivasa, K.G. | ||
| 700 | _aKrishnaraj, P.M. | ||
| 942 |
_adpl _cEN _2ddc _mVEN _h005.741 |
||
| 999 |
_c19041 _d19041 |
||